000
00279 a2200121 4500
005
20250619090219.0
082
_a
678.785 MAP
100
_a
MAPUNDA, S.
245
_a
Storekeeping Manual.
260
_a
Dar es Salaam,
_c
1999
300
_a
173p.;
_b
References
_c
29cm
942
_2
ddc
_c
BKS
999
_c
4378
_d
4378